00522nam a2200157 a 4500008004100000050001300041100001900054245010300073260004000176300001500216350000900231650003400240650003300274650003300307700002400340070522s2007 ||||||||||||||||| || u aIBRD(08) aLane, Philip R14aThe International financial integration of China and Indiacby Philip R. Lane.;Sergio L. Schmukler aWashington, D. C.bWorld Bankc2007 a39p.: ill. a0.00 0aFINANCE--DEVELOPING COUNTRIES aINTERNATIONAL FINANCE--INDIA aINTERNATIONAL FINANCE--CHINA aSchmukler, Sergio L